Fill in the Name: Film Quotes Quiz Stats

 Plays Quiz Updated Apr 18, 2018

Challenge
Share
Tweet
Embed
Score 0/30 Timer 07:00
1 Play Today
% Correct
E.T.
92.6%
Toto
90.5%
Forrest
90.3%
Johnny
90.2%
Captain Jack Sparrow
89.9%
Watson
87.5%
Baby
86%
Mrs. Robinson
85.5%
Obi-Wan Kenobi
84.3%
Inigo Montoya
84%
Mr. DeMille
81.3%
Hattori Hanzo
79.3%
Jack
76.7%
Tibbs
73.7%
Sam
70.9%
% Correct
the Gipper
70.6%
HAL
70.4%
The Dude
68.9%
Adrian
67%
Jake
47.2%
Stella
40.3%
Fredo
39.8%
Louis
35.5%
Shane
28.2%
Paulie
27.5%
Steve
23.2%
Begbie
22.5%
Jerry
21.6%
Sully
18.3%
Marla
16.5%

You're not logged in!

Compare scores with friends on all Sporcle quizzes.
Join for Free
OR
Log In

You Might Also Like...

Show Comments

Extras

Top Quizzes Today


Score Distribution

Your Account Isn't Verified!

In order to create a playlist on Sporcle, you need to verify the email address you used during registration. Go to your Sporcle Settings to finish the process.

Report this User

Report this user for behavior that violates our Community Guidelines.

Details: